00871nam a22002657a 4500003000800000005001700008008004100025020001500066022001500081040001700096041000800113082001500121100001800136245008700154260008100241300002300322505004600345505002900391505003900420505003900459505002500498650003900523653002000562653002300582IBSLLIB20260512085244.0260512b |||||||| |||| 00| 0 eng d a0520078918 a0520078918 aIBSLLIBbeng hEng a658.4bSMI aSmith , Vicki aManaging in the Corporate Interest : bControl and Resistance in an American Bank  aEngland :bUniversity of California press Berkeley and los Angeles , c1990 a245 p ; c23 cm  aSocial change and the study of management aThe Business of Banking  aManufacturing management Ideology  aManaging in the corporate interest aWhere credit id Due  aManagement and auxiliary services  aBank management aMiddle management